Analýza vybraných metabolitov baktérií mliečneho kvasenia

Salvato in:
Dettagli Bibliografici
Autore principale: Čertík, Martin
Natura: Software Libro
Lingua:slovacco
Pubblicazione: Bratislava STU FCHPT 2008
Accesso online:Visualizza in OPAC
Tags: Aggiungi Tag
Nessun Tag, puoi essere il primo ad aggiungerne!!

MARC

LEADER 00000nam a2200000 a 4500
005 20260127134253.0
007 co ugu
008 080905 2007 xo 000 0 slo d
035 |a vtls009330488 
039 9 |y 200809051149  |z mschk03 
040 |a STUSCHK1  |b slo  |c STUSCHK1  |e AACR2 
100 1 |a Čertík, Martin 
245 1 |a Analýza vybraných metabolitov baktérií mliečneho kvasenia 
260 |a Bratislava  |b STU FCHPT  |c 2008 
500 |a Obháj.: 13.6. 2008 
500 |a Zameranie: Konzervácia potravín a technológia mäsa 
500 |a Študijný odbor: 5.2.24 potravinárstvo 
500 |a diplomová práca na CD-ROMe 
910 |a SCHK95 
999 |c 8405  |d 8405